000 00659nam a22002177a 4500
005 20151120121512.0
010 _aENG-114221
020 _a9789350353134
_c260.00
035 _aEN-97753
037 _bDBAD/PUB
082 _a344.5401
100 _aKumar, H.L.
245 _aLabour laws :
_cby H.L.Kumar [and] Gaurav Kumar
_beverybody should know /
250 _a9th ed
260 _aDelhi
_bUniversal Law Publishing
_c2013
270 _aC-FF-1A, Dilkhush Industrial Estate, G.T.Karnal Road
_bDelhi
_e110033
300 _axxii,350p.
_c22cm(pbk)
500 _aIncludes index
700 _aGaurav Kumar
942 _2ddc
_cEN
_mKUM
_h344.5401
999 _c97660
_d97660